[Event "FRA-chT4"]
[Site "Ech Ardennais/La Francheville"]
[Date "2004.10.10"]
[Round "1"]
[White "Jaureguy, Alain"]
[Black "Pierquin, Bernard"]
[Result "0-1"]
[WhiteElo "1850"]
[BlackElo "1910"]
[PlyCount "66"]
[EventDate "2004.10.10"]
[EventType "team-tourn"]
[EventRounds "3"]
[EventCountry "FRA"]
[SourceTitle "EXT 2007"]
[Source "ChessBase"]
[SourceDate "2006.11.23"]
[SourceVersion "1"]
[SourceVersionDate "2006.11.23"]
[SourceQuality "1"]

1. c4 f5 2. Nc3 Nf6 3. g3 g6 4. Bg2 Bg7 5. Nf3 d6 6. 0-0 0-0 7. d3 e5 8. Qb3 Kh8 9. Bg5 c6 10. Qd1 Be6 11. Qd2 Nbd7 12. Bh6 Qe7 13. Bg5 Rfd8 14. h4 Qf8 15. Bh3 h6 16. Be3 d5 17. cxd5 cxd5 18. d4 Ne4 19. Nxe4 dxe4 20. Ne1 Nb6 21. Nc2 Nc4 22. Qc3 Rac8 23. Qe1 exd4 24. Bc1 Nxb2 25. Bxb2 Rxc2 26. Qb1 Rxe2 27. a4 d3 28. Bxg7+ Qxg7 29. Qb5 Rb2 30. Qa5 Qd4 31. Rac1 d2 32. Rcd1 Bb3 33. Ra1 d1Q 0-1

[Event "FRA-chT4 0001"]
[Site "Champagne Ardenne"]
[Date "2001.03.11"]
[Round "6"]
[White "Lefhaili, David"]
[Black "Jaureguy, Alain"]
[Result "1-0"]
[WhiteElo "2100"]
[BlackElo "1840"]
[PlyCount "61"]
[EventDate "2001.10.??"]
[EventType "team-tourn"]
[EventRounds "7"]
[EventCountry "FRA"]
[SourceTitle "EXT 2005"]
[Source "ChessBase"]
[SourceDate "2004.11.15"]
[SourceVersion "1"]
[SourceVersionDate "2004.11.15"]
[SourceQuality "1"]

1. d4 d5 2. Nf3 Nf6 3. c4 e6 4. g3 Be7 5. Bg2 b6 6. 0-0 Bb7 7. cxd5 exd5 8. Nc3 0-0 9. Bf4 Nbd7 10. Nb5 c6 11. Nd6 Bxd6 12. Bxd6 Re8 13. Rc1 Rc8 14. Ba3 c5 15. e3 Ne4 16. Nh4 Qf6 17. dxc5 Ndxc5 18. b4 Ne6 19. Bxe4 Rxc1 20. Bxh7+ Kxh7 21. Qh5+ Kg8 22. Rxc1 d4 23. Bb2 Ng5 24. Qg4 Re4 25. f4 Ne6 26. Nf5 Qd8 27. exd4 g6 28. d5 Nxf4 29. gxf4 Qxd5 30. Ne7+ Rxe7 31. Rc8+ 1-0

[Event "Ardennes-ch 0102"]
[Site "Ardennes"]
[Date "2001.??.??"]
[Round "?"]
[White "Chebridon, Jean Louis"]
[Black "Jaureguy, Alain"]
[Result "0-1"]
[WhiteElo "1570"]
[BlackElo "1750"]
[PlyCount "66"]
[EventDate "2001.??.??"]
[EventType "swiss"]
[EventRounds "9"]
[EventCountry "FRA"]
[SourceTitle "EXT 2008"]
[Source "ChessBase"]
[SourceDate "2007.11.25"]
[SourceVersion "1"]
[SourceVersionDate "2007.11.25"]
[SourceQuality "1"]

1. d4 d5 2. c4 c6 3. Nf3 Nf6 4. Nc3 e6 5. Bg5 Nbd7 6. e3 Be7 7. Rc1 0-0 8. Bd3 dxc4 9. Bxc4 h6 10. Bh4 Bd6 11. Ne4 Qa5+ 12. Nc3 b5 13. Bxb5 cxb5 14. a3 b4 15. axb4 Bxb4 16. 0-0 Bb7 17. Ra1 Qh5 18. Bg3 Bxc3 19. bxc3 Ne4 20. Qb1 Nxg3 21. fxg3 Rfb8 22. Qd3 a5 23. Rf2 a4 24. c4 Bc6 25. Ra3 Qa5 26. e4 Qb4 27. d5 exd5 28. cxd5 Nc5 29. Qc3 Be8 30. Nd2 Nxe4 31. Qxb4 Rxb4 32. Rf4 f5 33. g4 g5 0-1